000 01574nam a2200325 a 4500
001 BRCA_3449
005 20190320204304.0
041 _ascc
044 _arv
084 _a738
_b.K65
_c1895
100 1 _aCervantes Saavedra, Miguel de
_d1547-1616
_9213
245 1 0 _aMigela Servantesa Savedre veleumni plemic Don Kihote od Mance
_cSa spanjolskog preveo Dzordze Popovic.
260 _aBelgrado
_bJ. M. Kolarca
_c1895-96
300 _a1 v. en 4 tomos
_bil.
_c22 cm.
500 _aContenido : v.1. Primera parte. Vida y obra de Cervantes por Dz. Popovic. Prólogo del autor. 1895. -- v.2. Primera parte. Texto. 1895. -- v.3. Segunda parte. Prólogo del autor. 1896. -- v.4. Segunda parte. Texto
500 _aEdición : Sa 20 ilustracija od Toni Zoanoa
500 _aTraducción directa del español por Jorge Popovic, precedida de un estudio biográfico sobre Cervantes y de un análisis de sus obras, por el mismo traductor. Va ilustrada con los dibujos de T. Johannot. Rústica Lúdovik Osterc
500 _aEstado físico : Encuadernación maltratada
500 _aQM597A
546 _aTexto en : servio
650 1 4 _aNovela española
_yÉpoca clásica, 1500-1700
_9215
650 1 4 _aLiteratura española
_yÉpoca clásica, 1500-1700
_9216
650 1 4 _aNovela española
_ySiglo XVII
_9217
650 1 4 _aDon Quijote (Personaje ficticio)
_eNovela
_9218
700 1 _aPopovic, Jorge
_d1832-1914
_eTraductor
_99022
700 1 _aJohannot, Tony
_d1803-1852
_eIlustrador
_99023
740 0 _aEl Ingenioso Hidalgo Don Quijote de la Mancha
902 _aQFM
942 _2lcc
_cB
999 _c3185
_d3185